|
|
|
|
| LEADER |
00000cam a2200000 7i4500 |
| 001 |
0000003582 |
| 005 |
20240927.0 |
| 008 |
240321 nyua eng |
| 020 |
|
|
|a 0275236307 (hardback)
|
| 040 |
|
|
|a INS
|b eng
|e rda
|
| 090 |
0 |
0 |
|a RH62
|b .A45 1978
|
| 100 |
1 |
|
|a Allen, T. Harrell ,
|e author
|
| 245 |
1 |
0 |
|a New Methods in Social Science Research :
|b Policy Sciences and Futures Research
|c T. Harrell Allen
|
| 264 |
|
1 |
|a New York :
|b Praeger Publishers
|c 1978
|
| 264 |
|
4 |
|c ©1978
|
| 300 |
|
|
|a xii, 157 pages :
|b illustrations ;
|c 24 cm.
|
| 336 |
|
|
|a text
|2 rdacontent
|
| 337 |
|
|
|a unmediated
|2 rdamedia
|
| 338 |
|
|
|a volume
|2 rdacarrier
|
| 504 |
|
|
|a Includes bibliographical references
|
| 650 |
|
0 |
|a Policy sciences
|
| 650 |
|
0 |
|a Social policy
|
| 650 |
|
0 |
|a Social science
|x Methodology
|
| 999 |
|
|
|a 0000001175
|b BOOK
|c Reference
|e Default branch
|